| 000 | 00546nai a2200169Ia 4500 | ||
|---|---|---|---|
| 003 | IN-BaIIA | ||
| 008 | 211028c9999 xx s 000 0 eng d | ||
| 022 | _a1350-4487 (Online) | ||
| 040 | _cIIA Library | ||
| 245 | 0 |
_aRadiation Measurements _h[eJournal] |
|
| 260 |
_aOxford, U.K _bPergamon |
||
| 310 | _a10/year | ||
| 362 | _a24(1); 1995 - Present | ||
| 521 | _bSubscribed through National Knowledge Resource Consortium (NKRC) | ||
| 856 |
_uhttps://www.sciencedirect.com/science/journal/13504487 _yClick Here to Access eJournal |
||
| 942 | _cEJ | ||
| 999 |
_c35631 _d35631 |
||